[Event "FRA-ch U14"]
[Site "Aix les Bains"]
[Date "2006.04.18"]
[Round "4"]
[White "Iellatchitch, Alexandre"]
[Black "Dionisi, Thomas"]
[Result "0-1"]
[WhiteElo "2058"]
[BlackElo "2002"]
[PlyCount "64"]
[EventDate "2006.04.16"]
[EventType "swiss"]
[EventRounds "9"]
[EventCountry "FRA"]
[SourceTitle "EXT 2007"]
[Source "ChessBase"]
[SourceDate "2006.11.23"]
[SourceVersion "1"]
[SourceVersionDate "2006.11.23"]
[SourceQuality "1"]

1. d4 e6 2. c4 f5 3. g3 Nf6 4. Bg2 Bb4+ 5. Bd2 Qe7 6. Nh3 0-0 7. 0-0 Bxd2 8. Nxd2 d6 9. Nf4 c6 10. e4 e5 11. dxe5 dxe5 12. Nd3 f4 13. gxf4 exf4 14. Nxf4 Ng4 15. h3 Rxf4 16. hxg4 Bxg4 17. Qb3 Nd7 18. Rae1 Ne5 19. Re3 Raf8 20. f3 Qh4 21. fxg4 Nxg4 22. Nf3 Qg3 23. Rd3 h5 24. Qd1 Ne5 25. Re3 h4 26. Qd6 Ng4 27. Qe6+ Kh8 28. Re2 h3 29. Qd7 hxg2 30. Rxg2 Rxf3 31. Rd1 Rf1+ 32. Rxf1 Qe3+ 0-1